Advances in plant breeding Vol 2 / (Record no. 3010)
[ view plain ]
| 000 -LEADER | |
|---|---|
| fixed length control field | 00656nam a22002177a 4500 |
| 001 - CONTROL NUMBER | |
| control field | BD-DhSAU 3010 |
| 003 - CONTROL NUMBER IDENTIFIER | |
| control field | BD-DhSAU |
| 005 - DATE AND TIME OF LATEST TRANSACTION | |
| control field | 20150203141402.0 |
| 008 - FIXED-LENGTH DATA ELEMENTS--GENERAL INFORMATION | |
| fixed length control field | 150203b1991 ii a|||| |||| 001 0 eng d |
| 040 ## - CATALOGING SOURCE | |
| Original cataloging agency | BD-DhSAU |
| 082 ## - DEWEY DECIMAL CLASSIFICATION NUMBER | |
| Edition number | 22 |
| Classification number | 631.53 |
| Item number | ADV |
| 245 ## - TITLE STATEMENT | |
| Title | Advances in plant breeding Vol 2 / |
| Statement of responsibility, etc. | Edited by A. K. Mandal, P. K. Ganguli and S. P. Banerjee |
| 260 ## - PUBLICATION, DISTRIBUTION, ETC. (IMPRINT) | |
| Place of publication, distribution, etc. | Delhi : |
| Name of publisher, distributor, etc. | CBS Publishers & distributors ; |
| Date of publication, distribution, etc. | c1991. |
| 300 ## - PHYSICAL DESCRIPTION | |
| Extent | xii, 267 p.: |
| Other physical details | ill. , |
| Dimensions | 24 cm. |
| 504 ## - BIBLIOGRAPHY, ETC. NOTE | |
| Bibliography, etc | Includes bibliography and index |
| 590 ## - Name of Cataloguer | |
| Name of Cataloger | IMRAN |
| 650 ## - SUBJECT ADDED ENTRY--TOPICAL TERM | |
| Topical term or geographic name as entry element | Plant breeding |
| 700 ## - ADDED ENTRY--PERSONAL NAME | |
| Personal name | Mandal, A. K. |
| 700 ## - ADDED ENTRY--PERSONAL NAME | |
| Personal name | Ganguli , P. K. |
| 700 ## - ADDED ENTRY--PERSONAL NAME | |
| Personal name | Banerjee, S. P. |
| 942 ## - ADDED ENTRY ELEMENTS (KOHA) | |
| Source of classification or shelving scheme | Dewey Decimal Classification |
| Koha item type | Book |
| Withdrawn status | Lost status | Source of classification or shelving scheme | Damaged status | Not for loan | Home library | Branch Name | Shelving location | Date acquired | Total Checkouts | Full call number | Barcode | Date last seen | Price effective from | Koha item type | Collection code |
|---|---|---|---|---|---|---|---|---|---|---|---|---|---|---|---|
| Dewey Decimal Classification | SAU Library | SAU Library | General Stacks | 29/06/2000 | 631.53 ADV | 28492 | 03/02/2015 | 03/02/2015 | Book | ||||||
| Dewey Decimal Classification | Not For Loan | SAU Library | SAU Library | Reference | 18/06/1992 | 631.53 ADV | 18412 | 24/05/2015 | 24/05/2015 | Book | Reference | ||||
| Dewey Decimal Classification | Not For Loan | SAU Library | SAU Library | Reference | 24/05/2015 | 631.53 ADV | 28491 | 24/05/2015 | 24/05/2015 | Book | Reference |
